Research methodology : (Record no. 3327)
[ view plain ]
| 000 -LEADER | |
|---|---|
| fixed length control field | 01117nam a2200193 a 4500 |
| 020 ## - INTERNATIONAL STANDARD BOOK NUMBER | |
| ISBN | 8122415229 |
| 050 #4 - CALL NUMBER | |
| Classification number | H62 |
| Item number | .K68 2004 |
| 100 1# - AUTHOR | |
| Personal name | Kothari, C. R. |
| 245 10 - TITLE | |
| Title | Research methodology : |
| Remainder of title | methods & techniques / |
| Statement of responsibility, etc | C.R. Kothari. |
| 250 ## - EDITION | |
| Edition statement | Second revised edition. |
| 260 ## - PUBLICATION INFORMATION | |
| Place of publication | New Delhi |
| Name of publisher | New Age International Limited |
| Year of publication | 2007 |
| 300 ## - DESCRIPTION | |
| Number of Pages | 1 online resource (xvi, 401 pages) : |
| Other physical details | illustrations. |
| 500 ## - NOTES | |
| General note | Electronic resource. |
| 505 ## - FORMATTED CONTENTS NOTE | |
| Table of Content | Cover; Preface to the Second Edition; Preface to the First Edition; Contents; Chapter 1 Research Methodology: An Introduction; Chapter 2 Defining the Research Problem; Chapter 3 Research Design; Chapter 4 Sampling Design; Chapter 5 Measurement and Scaling Techniques; Chapter 6 Methods of Data Collection; Chapter 7 Processing and Analysis of Data; Chapter 8 Sampling Fundamentals; Chapter 9 Testing of Hypotheses I (Parametric or Standard Tests of Hypotheses); Chapter 10 Chi-Square Test; Chapter 11 Analysis of Variance and Co-variance. |
| 650 #0 - SUBJECTS | |
| Topical Term | Social sciences |
| General subdivision | Research. |
| 650 #0 - SUBJECTS | |
| Topical Term | Research |
| General subdivision | Methodology. |
| 710 2# - OTHER AUTHORS | |
| OTHER AUTHORS | ProQuest (Firm) |
| 942 ## - ADDED ENTRY ELEMENTS (KOHA) | |
| Koha item type | Books |
| Withdrawn status | Lost status | Collection code | Home library | Current library | Shelving location | Date acquired | Full call number | Accession Number | Koha item type |
|---|---|---|---|---|---|---|---|---|---|
| Reference | Methodist University Library Main | Methodist University Library Main | General Stacks | 01/08/2007 | H62 .K68 2004 | 29005 | Books |